The American Heritage dictionary of the English language. (Record no. 478)

MARC details
000 -LEADER
fixed length control field 00704cam a2200253 a 4500
005 - DATE AND TIME OF LATEST TRANSACTION
control field 20260322212021.0
008 - FIXED-LENGTH DATA ELEMENTS--GENERAL INFORMATION
fixed length control field data
010 ## - LIBRARY OF CONGRESS CONTROL NUMBER
LC control number 2011004777
020 ## - INTERNATIONAL STANDARD BOOK NUMBER
International Standard Book Number 9781328841698
020 ## - INTERNATIONAL STANDARD BOOK NUMBER
International Standard Book Number 0547041012
020 ## - INTERNATIONAL STANDARD BOOK NUMBER
International Standard Book Number 9780547041018
024 8# - OTHER STANDARD IDENTIFIER
Standard number or code 40020136142
040 ## - CATALOGING SOURCE
Original cataloging agency DLC
Transcribing agency DLC
Modifying agency AFQ
-- IK2
-- ORX
-- AFQ
042 ## - AUTHENTICATION CODE
Authentication code pcc
050 10 - LIBRARY OF CONGRESS CALL NUMBER
Classification number PE1628
Item number .A623 2011
092 ## - LOCALLY ASSIGNED DEWEY CALL NUMBER (OCLC)
Classification number 423 Ame 2018
001 - CONTROL NUMBER
control field data
245 14 - TITLE STATEMENT
Title The American Heritage dictionary of the English language.
250 ## - EDITION STATEMENT
Edition statement 5th ed.
260 ## - PUBLICATION, DISTRIBUTION, ETC.
Place of publication, distribution, etc. Boston :
Name of publisher, distributor, etc. Houghton Mifflin Harcourt,
Date of publication, distribution, etc. 2011.
300 ## - PHYSICAL DESCRIPTION
Extent xxvii, 2084 p. :
Other physical details ill. (some col.), maps, ports. ;
Dimensions 29 cm.
500 ## - GENERAL NOTE
General note Previous ed.: 2000.
650 #0 - SUBJECT ADDED ENTRY--TOPICAL TERM
Topical term or geographic name entry element English language
Form subdivision Dictionaries.
Holdings
Withdrawn status Lost status Damaged status Not for loan Home library Current library Shelving location Date acquired Total checkouts Full call number Barcode Date last seen Price effective from Koha item type
        Franklin Franklin General stacks 22/03/2026   PE1628 .A623 2011 BC0010489 22/03/2026 22/03/2026 Books